Problemas resueltos de tecnología de fabricación (Registro nro. 23628)
[ vista simple ]
| 000 -Cabecera | |
|---|---|
| Campo de control interno | 00463nam a2200181Ia 4500 |
| 005 - Fecha y hora del registro | |
| control field | 20260414150950.0 |
| 008 - Elementos de Longitud Fija | |
| fixed length control field | 260414t2015||||xx |||||||||||||| ||spa|| |
| 041 ## - Idioma | |
| Codigo Idioma | ESP |
| 082 ## - DEWEY y NOTACIÓN INTERNA | |
| Dewey | 670.427 |
| Notación Interna | M55 |
| 100 ## - AUTOR | |
| Autor denominación | Miguélez Garrido, María Henar |
| Término de relación | autor |
| 245 #0 - TÍTULO DE MATERIAL BIBLIOGRÁFICO | |
| Título | Problemas resueltos de tecnología de fabricación |
| Título paralelo | |
| 260 ## - CIUDAD, EDITORIAL, AÑO | |
| Año | 2015 |
| 300 ## - DESCRIPCIÓN | |
| N° Páginas | 299 páginas : |
| Dimensiones | 27 cm. |
| 650 ## - TEMAS | |
| Temas | Tecnología (Ciencias Aplicadas) |
| 654 ## - PROGRAMAS | |
| Programa | Dpto. de Ingeniería Industrial |
| 942 ## - ELEMENTOS DE KOHA | |
| Tipo de documento | Libro |
| Nombre del creador | Justo Noguera |
| Código de catalogador | Justo Noguera |
| Esquema de clasificación | Dewey Decimal Classification |
| Suppress in OPAC | |
| Codigo completo | Registro | Colección | Copia número | Disponibilidad | Tipo de préstamo | Biblioteca Actual | Procedencia (Biblioteca) | Ubicacón | Fecha Ingreso | Tipo de Adquisición | Date last seen | Total checkouts | Price effective from | Tipo de Item | Estado del Material | Damaged status | Withdrawn status |
|---|---|---|---|---|---|---|---|---|---|---|---|---|---|---|---|---|---|
| 670.427 M55 | 1003481 | Universidad Católica San Pablo | 1 | Disponible | Disponible | Víctor Andrés Belaunde | Víctor Andrés Belaunde | Segundo piso | 14/04/2026 | Compra | 14/04/2026 | 14/04/2026 | Libro | Bueno |




